[Event "DVM U16 2021"]
[Site "Kiel GER"]
[Date "2022.07.24"]
[Round "3"]
[White "Kvantaliani, Saba"]
[Black "Beck, Felix"]
[Result "1/2-1/2"]
[Termination "normal"]
[Board "2.4"]
[WhiteElo "1664"]
[BlackElo "1501"]
[WhiteClock "00:24:49"]
[BlackClock "00:01:57"]
[WhiteTeam "Schachklub Münster 32 e. V."]
[BlackTeam "Schachfreunde Nordost Berlin"]
[PlyCount "78"]
[WhiteFideId "16284364"]
[BlackFideId "16255364"]
[EventCountry "GER"]
[EventRounds "7"]
[EventType "team-swiss"]
[EventDate "2022.07.22"]

1. c4 {[%clk 01:30:54]} {[%emt 00:00:05]} c6 {[%clk 01:30:23]} {[%emt
00:00:37]} 2. d4 {[%clk 01:31:09]} {[%emt 00:00:16]} d5 {[%clk 01:30:33]}
{[%emt 00:00:19]} 3. Nc3 {[%clk 01:31:31]} {[%emt 00:00:07]} Nf6 {[%clk
01:29:46]} {[%emt 00:01:18]} 4. Nf3 {[%clk 01:29:22]} {[%emt 00:02:40]} e6
{[%clk 01:29:03]} {[%emt 00:01:12]} 5. e3 {[%clk 01:26:20]} {[%emt 00:03:33]}
Be7 {[%clk 01:27:58]} {[%emt 00:01:34]} 6. a4 {[%clk 01:26:07]} {[%emt
00:00:43]} Nbd7 {[%clk 01:24:48]} {[%emt 00:03:41]} 7. a5 {[%clk 01:20:18]}
{[%emt 00:06:18]} O-O {[%clk 01:13:10]} {[%emt 00:12:07]} 8. Qa4 {[%clk
01:15:26]} {[%emt 00:05:23]} c5 {[%clk 01:03:31]} {[%emt 00:10:09]} 9. Be2
{[%clk 01:12:14]} {[%emt 00:04:06]} a6 {[%clk 00:38:23]} {[%emt 00:25:14]} 10.
O-O {[%clk 01:02:16]} {[%emt 00:10:29]} Qc7 {[%clk 00:36:22]} {[%emt 00:02:31]}
11. Qb3 {[%clk 00:56:55]} {[%emt 00:05:52]} b6 {[%clk 00:29:46]} {[%emt
00:07:05]} 12. cxd5 {[%clk 00:54:25]} {[%emt 00:03:01]} exd5 {[%clk 00:29:03]}
{[%emt 00:01:14]} 13. Nxd5 {[%clk 00:54:18]} {[%emt 00:00:35]} Nxd5 {[%clk
00:29:25]} {[%emt 00:00:07]} 14. Qxd5 {[%clk 00:54:15]} {[%emt 00:00:34]} Bb7
{[%clk 00:29:12]} {[%emt 00:00:43]} 15. axb6 {[%clk 00:51:02]} {[%emt
00:03:42]} Nxb6 {[%clk 00:28:34]} {[%emt 00:01:08]} 16. Qb3 {[%clk 00:49:47]}
{[%emt 00:01:45]} a5 {[%clk 00:22:42]} {[%emt 00:06:23]} 17. Qc2 {[%clk
00:39:15]} {[%emt 00:11:02]} Rfc8 {[%clk 00:17:49]} {[%emt 00:05:22]} 18. Bd2
{[%clk 00:35:47]} {[%emt 00:03:58]} a4 {[%clk 00:17:26]} {[%emt 00:00:53]} 19.
b3 {[%clk 00:32:53]} {[%emt 00:03:25]} cxd4 {[%clk 00:09:04]} {[%emt 00:08:52]}
20. Qxc7 {[%clk 00:29:40]} {[%emt 00:03:42]} Rxc7 {[%clk 00:09:32]} {[%emt
00:00:02]} 21. Nxd4 {[%clk 00:30:00]} {[%emt 00:00:11]} axb3 {[%clk 00:07:52]}
{[%emt 00:02:10]} 22. Ba5 {[%clk 00:27:23]} {[%emt 00:03:07]} b2 {[%clk
00:04:55]} {[%emt 00:03:27]} 23. Ra2 {[%clk 00:27:00]} {[%emt 00:00:53]} Rc1
{[%clk 00:03:24]} {[%emt 00:02:00]} 24. Rxb2 {[%clk 00:26:50]} {[%emt
00:00:41]} Rxf1+ {[%clk 00:03:49]} {[%emt 00:00:05]} 25. Bxf1 {[%clk 00:27:16]}
{[%emt 00:00:04]} Rxa5 {[%clk 00:03:59]} {[%emt 00:00:19]} 26. Rxb6 {[%clk
00:27:38]} {[%emt 00:00:09]} Be4 {[%clk 00:02:58]} {[%emt 00:01:31]} 27. f3
{[%clk 00:27:40]} {[%emt 00:00:28]} Ba8 {[%clk 00:02:06]} {[%emt 00:01:21]} 28.
Nf5 {[%clk 00:26:04]} {[%emt 00:02:06]} Rxf5 {[%clk 00:02:00]} {[%emt
00:00:36]} 29. Rb8+ {[%clk 00:26:29]} {[%emt 00:00:06]} Bf8 {[%clk 00:02:24]}
{[%emt 00:00:06]} 30. Rxa8 {[%clk 00:26:56]} {[%emt 00:00:03]} g6 {[%clk
00:02:18]} {[%emt 00:00:36]} 31. Bc4 {[%clk 00:26:10]} {[%emt 00:01:16]} Rc5
{[%clk 00:02:09]} {[%emt 00:00:38]} 32. Ba2 {[%clk 00:26:21]} {[%emt 00:00:20]}
Rc7 {[%clk 00:02:17]} {[%emt 00:00:22]} 33. f4 {[%clk 00:26:18]} {[%emt
00:00:33]} Kg7 {[%clk 00:02:29]} 34. Kf2 {[%clk 00:26:32]} {[%emt 00:00:34]}
Bc5 {[%clk 00:02:07]} 35. Kf3 {[%clk 00:26:45]} {[%emt 00:01:08]} Ra7 {[%clk
00:02:04]} 36. Rxa7 {[%clk 00:26:57]} {[%emt 00:00:52]} Bxa7 {[%clk 00:02:32]}
37. g4 {[%clk 00:27:02]} {[%emt 00:00:27]} f6 {[%clk 00:02:18]} 38. e4 {[%clk
00:26:24]} {[%emt 00:01:52]} Bb8 {[%clk 00:01:54]} 39. h4 {[%clk 00:24:49]}
{[%emt 00:02:58]} h6 {[%clk 00:01:57]} 1/2-1/2

[Event "DVM U16 2021"]
[Site "Kiel GER"]
[Date "2022.07.24"]
[Round "3"]
[White "Mainka, Alwin"]
[Black "Rose, Daniel"]
[Result "1-0"]
[Termination "normal"]
[Board "3.1"]
[WhiteElo "2011"]
[BlackElo "1973"]
[WhiteClock "00:21:48"]
[BlackClock "00:23:38"]
[WhiteTeam "DJK Arminia Eilendorf 1919 e. V."]
[BlackTeam "SV Königsjäger Süd-West e.V."]
[PlyCount "91"]
[WhiteFideId "16241177"]
[BlackFideId "16242963"]
[EventCountry "GER"]
[EventRounds "7"]
[EventType "team-swiss"]
[EventDate "2022.07.22"]

1. e4 {[%clk 01:30:54]} {[%emt 00:00:05]} d5 {[%clk 01:30:45]} {[%emt
00:00:16]} 2. exd5 {[%clk 01:31:15]} {[%emt 00:00:08]} Qxd5 {[%clk 01:31:11]}
{[%emt 00:00:05]} 3. Nc3 {[%clk 01:31:35]} {[%emt 00:00:09]} Qd8 {[%clk
01:31:37]} {[%emt 00:00:05]} 4. d4 {[%clk 01:31:21]} {[%emt 00:00:43]} Nf6
{[%clk 01:31:34]} {[%emt 00:00:34]} 5. Bg5 {[%clk 01:31:04]} {[%emt 00:00:46]}
h6 {[%clk 01:31:22]} {[%emt 00:00:43]} 6. Bh4 {[%clk 01:31:17]} {[%emt
00:00:17]} e6 {[%clk 01:28:52]} {[%emt 00:03:00]} 7. Nf3 {[%clk 01:31:28]}
{[%emt 00:00:18]} Bd6 {[%clk 01:27:20]} {[%emt 00:02:04]} 8. Qd2 {[%clk
01:30:58]} {[%emt 00:00:59]} c6 {[%clk 01:26:38]} {[%emt 00:01:12]} 9. O-O-O
{[%clk 01:28:46]} {[%emt 00:02:41]} Qc7 {[%clk 01:26:45]} {[%emt 00:00:24]} 10.
Kb1 {[%clk 01:23:54]} {[%emt 00:05:22]} Nbd7 {[%clk 01:25:17]} {[%emt
00:01:58]} 11. Bd3 {[%clk 01:22:28]} {[%emt 00:01:56]} b6 {[%clk 01:23:11]}
{[%emt 00:02:36]} 12. Rhe1 {[%clk 01:18:47]} {[%emt 00:04:10]} Bb7 {[%clk
01:22:40]} {[%emt 00:01:02]} 13. Ne4 {[%clk 01:17:25]} {[%emt 00:01:52]} Bf4
{[%clk 01:19:50]} {[%emt 00:03:20]} 14. Qb4 {[%clk 01:14:04]} {[%emt 00:03:50]}
a5 {[%clk 01:02:17]} {[%emt 00:18:04]} 15. Qa3 {[%clk 01:10:40]} {[%emt
00:03:55]} b5 {[%clk 00:59:47]} {[%emt 00:02:59]} 16. Nxf6+ {[%clk 01:02:23]}
{[%emt 00:08:46]} gxf6 {[%clk 00:59:47]} {[%emt 00:00:31]} 17. Be4 {[%clk
00:54:06]} {[%emt 00:08:47]} b4 {[%clk 00:53:43]} {[%emt 00:06:34]} 18. Qb3
{[%clk 00:53:25]} {[%emt 00:01:11]} Rg8 {[%clk 00:46:42]} {[%emt 00:07:30]} 19.
d5 {[%clk 00:50:36]} {[%emt 00:03:20]} Nc5 {[%clk 00:46:46]} {[%emt 00:00:26]}
20. Qc4 {[%clk 00:49:33]} {[%emt 00:01:32]} cxd5 {[%clk 00:44:00]} {[%emt
00:03:17]} 21. Bxd5 {[%clk 00:48:55]} {[%emt 00:01:09]} Ba6 {[%clk 00:43:27]}
{[%emt 00:01:03]} 22. Qd4 {[%clk 00:48:41]} {[%emt 00:00:43]} O-O-O {[%clk
00:43:24]} {[%emt 00:00:33]} 23. Qxf6 {[%clk 00:40:09]} {[%emt 00:09:01]} Rxd5
{[%clk 00:42:34]} {[%emt 00:01:21]} 24. Rxd5 {[%clk 00:38:23]} {[%emt
00:02:17]} exd5 {[%clk 00:42:55]} {[%emt 00:00:08]} 25. Re7 {[%clk 00:37:44]}
{[%emt 00:01:09]} Qd6 {[%clk 00:41:55]} {[%emt 00:01:30]} 26. Qxf7 {[%clk
00:36:11]} {[%emt 00:02:04]} Rd8 {[%clk 00:41:05]} {[%emt 00:01:19]} 27. Ra7
{[%clk 00:33:50]} {[%emt 00:02:51]} Bg5 {[%clk 00:41:07]} {[%emt 00:00:27]} 28.
Ra8+ {[%clk 00:33:52]} {[%emt 00:00:29]} Qb8 {[%clk 00:41:34]} {[%emt
00:00:03]} 29. Qf5+ {[%clk 00:32:31]} {[%emt 00:01:51]} Kb7 {[%clk 00:40:41]}
{[%emt 00:01:23]} 30. Rxb8+ {[%clk 00:32:24]} {[%emt 00:00:38]} Kxb8 {[%clk
00:41:10]} 31. Qe5+ {[%clk 00:31:50]} {[%emt 00:01:03]} Kc8 {[%clk 00:39:41]}
{[%emt 00:02:00]} 32. Nxg5 {[%clk 00:31:52]} {[%emt 00:00:26]} hxg5 {[%clk
00:40:08]} {[%emt 00:00:04]} 33. Bxg5 {[%clk 00:32:13]} {[%emt 00:00:10]} Rd7
{[%clk 00:40:11]} {[%emt 00:00:26]} 34. Qe8+ {[%clk 00:32:26]} {[%emt
00:00:17]} Kb7 {[%clk 00:39:28]} {[%emt 00:01:13]} 35. Be3 {[%clk 00:32:43]}
{[%emt 00:00:13]} d4 {[%clk 00:39:57]} {[%emt 00:00:01]} 36. Bd2 {[%clk
00:32:06]} {[%emt 00:01:06]} d3 {[%clk 00:38:24]} {[%emt 00:02:04]} 37. c3
{[%clk 00:32:21]} {[%emt 00:00:15]} bxc3 {[%clk 00:38:49]} {[%emt 00:00:04]}
38. bxc3 {[%clk 00:32:47]} {[%emt 00:00:05]} Bc4 {[%clk 00:37:20]} {[%emt
00:01:51]} 39. h4 {[%clk 00:30:12]} {[%emt 00:03:13]} Ka6 {[%clk 00:34:23]}
{[%emt 00:03:27]} 40. Qc8+ {[%clk 00:29:35]} {[%emt 00:01:07]} Kb5 {[%clk
00:34:36]} {[%emt 00:00:17]} 41. Be3 {[%clk 00:29:32]} {[%emt 00:00:33]} Rd5
{[%clk 00:34:40]} {[%emt 00:00:26]} 42. Qe8+ {[%clk 00:22:35]} {[%emt
00:07:26]} Nd7 {[%clk 00:34:17]} {[%emt 00:00:53]} 43. Kc1 {[%clk 00:21:51]}
{[%emt 00:01:15]} Bxa2 {[%clk 00:32:21]} {[%emt 00:02:26]} 44. h5 {[%clk
00:21:48]} {[%emt 00:00:33]} Ka6 {[%clk 00:27:37]} {[%emt 00:05:05]} 45. h6
{[%emt 00:06:27]} Nc5 {[%clk 00:23:38]} 46. Qc6+ {[%emt 00:00:18]} 1-0

[Event "DVM U16 2021"]
[Site "Kiel GER"]
[Date "2022.07.24"]
[Round "3"]
[White "Abed, Karim"]
[Black "Alms, Frithjof"]
[Result "1/2-1/2"]
[Termination "normal"]
[Board "3.2"]
[WhiteElo "1843"]
[BlackElo "1603"]
[WhiteClock "00:18:44"]
[BlackClock "00:06:52"]
[WhiteTeam "SV Königsjäger Süd-West e.V."]
[BlackTeam "DJK Arminia Eilendorf 1919 e. V."]
[PlyCount "85"]
[WhiteFideId "16242785"]
[BlackFideId "16258398"]
[EventCountry "GER"]
[EventRounds "7"]
[EventType "team-swiss"]
[EventDate "2022.07.22"]

1. Nf3 {[%clk 01:30:07]} {[%emt 00:00:05]} c6 {[%clk 01:31:03]} 2. g3 {[%clk
01:30:22]} d5 {[%clk 01:31:24]} 3. d4 {[%clk 01:30:23]} Bf5 {[%clk 01:31:08]}
4. Bg2 {[%clk 01:29:47]} Nf6 {[%clk 01:31:27]} 5. c4 {[%clk 01:29:56]} e6
{[%clk 01:30:24]} 6. O-O {[%clk 01:29:23]} Bd6 {[%clk 01:29:43]} 7. Nc3 {[%clk
01:28:49]} Nbd7 {[%clk 01:29:50]} 8. Nh4 {[%clk 01:25:13]} Bg6 {[%clk
01:28:51]} 9. Nxg6 {[%clk 01:25:36]} hxg6 {[%clk 01:28:52]} 10. Bg5 {[%clk
01:23:07]} O-O {[%clk 01:26:52]} 11. e4 {[%clk 01:20:57]} dxe4 {[%clk
01:26:03]} 12. Nxe4 {[%clk 01:16:38]} Be7 {[%clk 01:24:08]} 13. Nc3 {[%clk
01:14:50]} Nb6 {[%clk 01:22:24]} 14. b3 {[%clk 01:12:34]} Rc8 {[%clk 01:20:07]}
15. Qd2 {[%clk 00:59:07]} Qd7 {[%clk 01:16:54]} 16. Rfd1 {[%clk 00:58:52]} Rfd8
{[%clk 01:13:41]} 17. Qc2 {[%clk 00:56:30]} Qe8 {[%clk 01:11:20]} 18. Rd2
{[%clk 00:55:38]} Rd7 {[%clk 01:05:36]} 19. Rad1 {[%clk 00:54:37]} Qd8 {[%clk
00:56:23]} 20. a4 {[%clk 00:51:31]} a5 {[%clk 00:52:48]} 21. Ne2 {[%clk
00:37:17]} Qe8 {[%clk 00:52:00]} 22. h4 {[%clk 00:29:21]} Na8 {[%clk 00:41:06]}
23. Nf4 {[%clk 00:19:35]} Nc7 {[%clk 00:38:46]} 24. Rd3 {[%clk 00:17:15]} Rdd8
{[%clk 00:36:07]} 25. Qd2 {[%clk 00:15:28]} b6 {[%clk 00:33:30]} 26. Qe2 {[%clk
00:09:05]} Na6 {[%clk 00:32:33]} 27. Bh3 {[%clk 00:07:55]} Rb8 {[%clk
00:24:51]} 28. Re3 {[%clk 00:06:22]} Rb7 {[%clk 00:22:36]} 29. d5 {[%clk
00:05:19]} cxd5 {[%clk 00:22:45]} 30. cxd5 {[%clk 00:05:20]} Nc5 {[%clk
00:22:13]} 31. dxe6 {[%clk 00:05:20]} Rxd1+ {[%clk 00:22:28]} 32. Qxd1 {[%clk
00:04:50]} fxe6 {[%clk 00:22:05]} 33. Nxe6 {[%clk 00:03:56]} Qd7 {[%clk
00:21:30]} 34. Qxd7 {[%clk 00:03:15]} Rxd7 {[%clk 00:20:01]} 35. Kg2 {[%clk
00:02:38]} Rb7 {[%clk 00:18:10]} 36. Nf4 {[%clk 00:02:06]} Kh7 {[%clk
00:09:22]} 37. Kf1 {[%clk 00:02:02]} Bd6 {[%clk 00:07:44]} 38. Bg2 {[%clk
00:01:27]} Rf7 {[%clk 00:05:26]} 39. Nd5 {[%clk 00:01:26]} Ng4 {[%clk
00:01:38]} 40. Re2 {[%clk 00:00:41]} Bxg3 {[%clk 00:30:22]} 41. f4 {[%clk
00:28:39]} Nd3 {[%clk 00:13:37]} 42. Bh3 {[%clk 00:18:44]} Nf6 {[%clk
00:06:52]} 43. Kg2 1/2-1/2

[Event "DVM U16 2021"]
[Site "Kiel GER"]
[Date "2022.07.24"]
[Round "3"]
[White "Mainka, Ingmar"]
[Black "Boissel, Kasimir"]
[Result "0-1"]
[Termination "normal"]
[Board "3.3"]
[WhiteElo "1432"]
[BlackElo "1781"]
[WhiteClock "00:54:23"]
[BlackClock "00:04:29"]
[WhiteTeam "DJK Arminia Eilendorf 1919 e. V."]
[BlackTeam "SV Königsjäger Süd-West e.V."]
[PlyCount "89"]
[WhiteFideId "16254937"]
[BlackFideId "16298209"]
[EventCountry "GER"]
[EventRounds "7"]
[EventType "team-swiss"]
[EventDate "2022.07.22"]

1. e4 {[%clk 01:30:59]} e6 {[%clk 01:30:52]} {[%emt 00:00:09]} 2. d4 {[%clk
01:31:22]} {[%emt 00:00:06]} d5 {[%clk 01:31:15]} {[%emt 00:00:07]} 3. exd5
{[%clk 01:31:24]} {[%emt 00:00:28]} exd5 {[%clk 01:31:40]} {[%emt 00:00:06]} 4.
Nc3 {[%clk 01:31:47]} {[%emt 00:00:06]} Nf6 {[%clk 01:32:04]} {[%emt 00:00:06]}
5. Bd3 {[%clk 01:32:11]} {[%emt 00:00:06]} Bd6 {[%clk 01:32:25]} {[%emt
00:00:10]} 6. Nge2 {[%clk 01:32:32]} {[%emt 00:00:09]} O-O {[%clk 01:32:33]}
{[%emt 00:00:22]} 7. Bg5 {[%clk 01:32:50]} {[%emt 00:00:11]} c6 {[%clk
01:32:22]} {[%emt 00:00:41]} 8. O-O {[%clk 01:33:08]} {[%emt 00:00:11]} Bxh2+
{[%clk 01:31:29]} {[%emt 00:01:25]} 9. Kh1 {[%clk 01:30:52]} {[%emt 00:02:45]}
Bd6 {[%clk 01:31:31]} {[%emt 00:00:26]} 10. Ng3 {[%clk 01:30:29]} {[%emt
00:00:56]} h6 {[%clk 01:30:59]} {[%emt 00:01:02]} 11. Bxf6 {[%clk 01:21:25]}
{[%emt 00:09:32]} Qxf6 {[%clk 01:31:26]} {[%emt 00:00:04]} 12. Nce2 {[%clk
01:21:39]} {[%emt 00:00:16]} Bg4 {[%clk 01:29:16]} {[%emt 00:02:38]} 13. f3
{[%clk 01:18:21]} {[%emt 00:03:50]} Bd7 {[%clk 01:27:16]} {[%emt 00:02:28]} 14.
Kg1 {[%clk 01:18:23]} {[%emt 00:00:30]} Qh4 {[%clk 01:18:50]} {[%emt 00:08:53]}
15. Qe1 {[%clk 01:13:21]} {[%emt 00:05:35]} Re8 {[%clk 00:59:02]} {[%emt
00:20:16]} 16. Nf5 {[%clk 01:10:51]} {[%emt 00:03:02]} Qh2+ {[%clk 00:39:29]}
{[%emt 00:20:03]} 17. Kf2 {[%clk 01:11:17]} {[%emt 00:00:05]} Bxf5 {[%clk
00:39:39]} {[%emt 00:00:19]} 18. Rh1 {[%clk 01:11:33]} {[%emt 00:00:14]} Rxe2+
{[%clk 00:39:41]} {[%emt 00:00:29]} 19. Qxe2 {[%clk 01:09:59]} {[%emt
00:02:03]} Qg3+ {[%clk 00:39:42]} {[%emt 00:00:27]} 20. Kf1 {[%clk 01:09:45]}
{[%emt 00:00:46]} Bxd3 {[%clk 00:38:02]} {[%emt 00:02:11]} 21. Qxd3 {[%clk
01:10:12]} {[%emt 00:00:03]} Nd7 {[%clk 00:37:48]} {[%emt 00:00:43]} 22. Re1
{[%clk 01:10:21]} {[%emt 00:00:21]} Nf6 {[%clk 00:37:59]} {[%emt 00:00:20]} 23.
Re2 {[%clk 01:09:43]} {[%emt 00:01:08]} Qf4 {[%clk 00:37:16]} {[%emt 00:01:10]}
24. Qd1 {[%clk 01:08:35]} {[%emt 00:01:39]} Re8 {[%clk 00:36:53]} {[%emt
00:00:54]} 25. Rxe8+ {[%clk 01:08:48]} {[%emt 00:00:18]} Nxe8 {[%clk 00:37:21]}
{[%emt 00:00:01]} 26. Qe1 {[%clk 01:08:54]} {[%emt 00:00:24]} Nf6 {[%clk
00:36:56]} {[%emt 00:00:56]} 27. c3 {[%clk 01:09:18]} {[%emt 00:00:06]} Qf5
{[%clk 00:29:46]} {[%emt 00:07:39]} 28. Kg1 {[%clk 01:07:38]} {[%emt 00:02:09]}
Bf4 {[%clk 00:26:43]} {[%emt 00:03:32]} 29. Rh3 {[%clk 01:06:36]} {[%emt
00:01:33]} Qd3 {[%clk 00:25:00]} {[%emt 00:02:11]} 30. Kh1 {[%clk 01:05:18]}
{[%emt 00:01:51]} Qc2 {[%clk 00:23:18]} {[%emt 00:02:08]} 31. g3 {[%clk
01:05:00]} {[%emt 00:00:52]} Bd2 {[%clk 00:19:29]} {[%emt 00:04:15]} 32. Qa1
{[%clk 01:04:50]} {[%emt 00:00:44]} Qf5 {[%clk 00:15:35]} {[%emt 00:04:21]} 33.
Qf1 {[%clk 01:04:21]} {[%emt 00:01:02]} h5 {[%clk 00:14:32]} {[%emt 00:01:33]}
34. Rh2 {[%clk 01:01:52]} {[%emt 00:02:58]} Bh6 {[%clk 00:14:15]} {[%emt
00:00:48]} 35. Qd1 {[%clk 00:59:39]} {[%emt 00:02:43]} Kh7 {[%clk 00:12:49]}
{[%emt 00:01:57]} 36. a3 {[%clk 00:57:46]} {[%emt 00:02:23]} g5 {[%clk
00:12:02]} {[%emt 00:01:16]} 37. Qe2 {[%clk 00:57:18]} {[%emt 00:00:58]} Kg7
{[%clk 00:11:57]} {[%emt 00:00:35]} 38. Rg2 {[%clk 00:56:52]} {[%emt 00:00:55]}
g4 {[%clk 00:09:53]} {[%emt 00:02:35]} 39. f4 {[%clk 00:56:41]} {[%emt
00:00:40]} Qe4 {[%clk 00:08:20]} {[%emt 00:02:01]} 40. Qd2 {[%clk 00:56:03]}
{[%emt 00:01:11]} Qf3 {[%clk 00:04:29]} {[%emt 00:04:17]} 41. Qe1 {[%clk
00:55:48]} {[%emt 00:00:49]} Ne4 {[%clk 00:04:28]} {[%emt 00:00:32]} 42. Qg1
{[%clk 00:55:27]} {[%emt 00:00:50]} f5 {[%clk 00:04:16]} {[%emt 00:00:42]} 43.
Kh2 {[%clk 00:54:09]} {[%emt 00:01:47]} h4 {[%clk 00:04:25]} {[%emt 00:00:22]}
44. a4 {[%clk 00:53:56]} {[%emt 00:00:43]} hxg3+ {[%clk 00:04:29]} {[%emt
00:00:25]} 45. Rxg3 {[%clk 00:54:23]} {[%emt 00:00:04]} 0-1

[Event "DVM U16 2021"]
[Site "Kiel GER"]
[Date "2022.07.24"]
[Round "3"]
[White "Korek, Jakob Alexander"]
[Black "Korr, Sören"]
[Result "1-0"]
[Termination "normal"]
[Board "3.4"]
[WhiteElo "1611"]
[BlackElo "1255"]
[WhiteClock "00:02:00"]
[BlackClock "00:22:37"]
[WhiteTeam "SV Königsjäger Süd-West e.V."]
[BlackTeam "DJK Arminia Eilendorf 1919 e. V."]
[PlyCount "67"]
[WhiteFideId "16240022"]
[BlackFideId "16275241"]
[EventCountry "GER"]
[EventRounds "7"]
[EventType "team-swiss"]
[EventDate "2022.07.22"]

1. d4 {[%clk 01:30:56]} {[%emt 00:00:01]} d5 {[%clk 01:31:03]} 2. c4 {[%clk
01:31:23]} e6 {[%clk 01:31:28]} 3. Nf3 {[%clk 01:31:37]} Nf6 {[%clk 01:31:33]}
4. g3 {[%clk 01:29:37]} Nbd7 {[%clk 01:31:12]} 5. Bg2 {[%clk 01:27:19]} c6
{[%clk 01:31:12]} 6. O-O {[%clk 01:27:22]} Bd6 {[%clk 01:30:16]} 7. Qc2 {[%clk
01:27:17]} O-O {[%clk 01:29:15]} 8. Nc3 {[%clk 01:26:07]} dxc4 {[%clk
01:28:37]} 9. e4 {[%clk 01:25:53]} Bc7 {[%clk 01:26:21]} 10. Bg5 {[%clk
01:25:54]} h6 {[%clk 01:26:22]} 11. Be3 {[%clk 01:21:57]} b5 {[%clk 01:24:29]}
12. Rfd1 {[%clk 01:15:24]} Bb7 {[%clk 01:16:42]} 13. Ne1 {[%clk 01:05:59]} a6
{[%clk 01:15:02]} 14. a4 {[%clk 01:01:09]} Nb6 {[%clk 00:57:04]} 15. axb5
{[%clk 00:54:31]} cxb5 {[%clk 00:55:04]} 16. d5 {[%clk 00:51:44]} exd5 {[%clk
00:52:39]} 17. Bxb6 {[%clk 00:52:00]} Bxb6 {[%clk 00:49:46]} 18. Nxd5 {[%clk
00:34:01]} Ba7 {[%clk 00:42:06]} 19. Rd2 {[%clk 00:30:23]} Qd6 {[%clk
00:40:38]} 20. Rad1 {[%clk 00:19:18]} Rad8 {[%clk 00:37:02]} 21. Nf3 {[%clk
00:16:03]} Nxd5 {[%clk 00:34:54]} 22. exd5 {[%clk 00:14:50]} Rd7 {[%clk
00:30:37]} 23. Qc3 {[%clk 00:10:17]} f6 {[%clk 00:27:11]} 24. Nh4 {[%clk
00:08:06]} Qe5 {[%clk 00:25:18]} 25. Qc2 {[%clk 00:07:18]} Rfd8 {[%clk
00:23:56]} 26. Ng6 {[%clk 00:07:14]} Qc7 {[%clk 00:22:03]} 27. Bh3 {[%clk
00:05:21]} Rd6 {[%clk 00:22:09]} 28. Be6+ {[%clk 00:04:54]} Rxe6 {[%clk
00:21:49]} 29. dxe6 {[%clk 00:03:05]} Rxd2 {[%clk 00:22:03]} 30. Rxd2 {[%clk
00:01:37]} Bb6 {[%clk 00:22:12]} 31. e7 {[%clk 00:01:20]} Qc6 {[%clk 00:22:16]}
32. Rd8+ {[%clk 00:01:32]} Bxd8 {[%clk 00:22:37]} 33. exd8=Q+ {[%clk 00:02:00]}
Kh7 {[%emt 00:00:32]} 34. Qh8# {[%emt 00:00:41]} 1-0

[Event "DVM U16 2021"]
[Site "Kiel GER"]
[Date "2022.07.24"]
[Round "3"]
[White "Müller, Magnus"]
[Black "Langner, Robin"]
[Result "1-0"]
[Termination "normal"]
[Board "4.1"]
[WhiteElo "2021"]
[BlackElo "1690"]
[WhiteClock "00:31:46"]
[BlackClock "00:31:40"]
[WhiteTeam "ESV Gera"]
[BlackTeam "SK Freiburg-Zähringen 1887 e.V."]
[PlyCount "60"]
[WhiteFideId "16230060"]
[BlackFideId "34606190"]
[EventCountry "GER"]
[EventRounds "7"]
[EventType "team-swiss"]
[EventDate "2022.07.22"]

1. e4 {[%clk 01:26:43]} {[%emt 00:04:16]} c5 {[%clk 01:30:43]} {[%emt
00:00:18]} 2. Nf3 {[%clk 01:27:08]} {[%emt 00:00:05]} d6 {[%clk 01:30:36]}
{[%emt 00:00:36]} 3. d4 {[%clk 01:27:34]} {[%emt 00:00:05]} cxd4 {[%clk
01:30:52]} {[%emt 00:00:13]} 4. Nxd4 {[%clk 01:28:01]} {[%emt 00:00:03]} Nf6
{[%clk 01:31:12]} {[%emt 00:00:09]} 5. Nc3 {[%clk 01:28:28]} {[%emt 00:00:04]}
a6 {[%clk 01:31:24]} {[%emt 00:00:19]} 6. Rg1 {[%clk 01:28:53]} {[%emt
00:00:04]} e5 {[%clk 01:26:05]} {[%emt 00:05:49]} 7. Nb3 {[%clk 01:29:18]}
{[%emt 00:00:05]} Be6 {[%clk 01:24:17]} {[%emt 00:02:17]} 8. g4 {[%clk
01:29:43]} {[%emt 00:00:06]} h6 {[%clk 01:23:28]} {[%emt 00:01:18]} 9. Bd2
{[%clk 01:30:08]} {[%emt 00:00:05]} Qc7 {[%clk 01:19:19]} {[%emt 00:04:39]} 10.
h4 {[%clk 01:17:39]} {[%emt 00:12:58]} b5 {[%clk 01:17:02]} {[%emt 00:02:48]}
11. g5 {[%clk 01:14:52]} {[%emt 00:03:18]} hxg5 {[%clk 01:16:50]} {[%emt
00:00:42]} 12. hxg5 {[%clk 01:15:14]} {[%emt 00:00:08]} Nfd7 {[%clk 01:17:12]}
{[%emt 00:00:08]} 13. a4 {[%clk 01:12:26]} {[%emt 00:03:18]} bxa4 {[%clk
01:06:32]} {[%emt 00:11:11]} 14. Nxa4 {[%clk 01:07:32]} {[%emt 00:05:24]} d5
{[%clk 01:03:37]} {[%emt 00:03:24]} 15. exd5 {[%clk 01:04:19]} {[%emt
00:03:43]} Bxd5 {[%clk 01:02:03]} {[%emt 00:02:05]} 16. Nc3 {[%clk 01:04:33]}
{[%emt 00:00:15]} Bh1 {[%clk 01:00:46]} {[%emt 00:01:48]} 17. Qg4 {[%clk
00:59:38]} {[%emt 00:05:25]} Qb7 {[%clk 00:56:13]} {[%emt 00:05:03]} 18. g6
{[%clk 00:54:49]} {[%emt 00:05:20]} Bf3 {[%clk 00:43:02]} {[%emt 00:13:41]} 19.
gxf7+ {[%clk 00:50:06]} {[%emt 00:05:12]} Kxf7 {[%clk 00:42:17]} {[%emt
00:01:15]} 20. Bc4+ {[%clk 00:47:18]} {[%emt 00:03:17]} Ke8 {[%clk 00:41:20]}
{[%emt 00:01:27]} 21. Qe6+ {[%clk 00:44:51]} {[%emt 00:02:57]} Be7 {[%clk
00:35:41]} {[%emt 00:06:10]} 22. Bg5 {[%clk 00:31:47]} {[%emt 00:13:34]} Nf6
{[%clk 00:35:54]} {[%emt 00:00:16]} 23. Bxf6 {[%clk 00:30:06]} {[%emt
00:02:12]} gxf6 {[%clk 00:35:39]} {[%emt 00:00:45]} 24. Rg8+ {[%clk 00:30:30]}
{[%emt 00:00:05]} Rxg8 {[%clk 00:35:54]} {[%emt 00:00:15]} 25. Qxg8+ {[%clk
00:30:56]} {[%emt 00:00:03]} Bf8 {[%clk 00:31:52]} {[%emt 00:04:32]} 26. Qe6+
{[%clk 00:31:05]} {[%emt 00:00:22]} Qe7 {[%clk 00:31:35]} {[%emt 00:00:48]} 27.
Qc8+ {[%clk 00:31:21]} {[%emt 00:00:13]} Qd8 {[%clk 00:31:51]} {[%emt
00:00:14]} 28. Bf7+ {[%clk 00:31:46]} {[%emt 00:00:06]} Ke7 {[%clk 00:31:40]}
{[%emt 00:00:41]} 29. Qe6# {[%emt 00:00:06]} Ke8 {[%emt 00:00:18]} 30. Qc8+ Qe7
1-0